|
|
|
|
| LEADER |
01350nam a2200361Ia 4500 |
| 001 |
EBC660506 |
| 003 |
MiAaPQ |
| 005 |
20200520144314.0 |
| 006 |
m o d | |
| 007 |
cr cn||||||||| |
| 008 |
110307s2011 stk sb 001 0 eng d |
| 020 |
|
|
|z 9780748639984
|
| 020 |
|
|
|z 9780748644872
|
| 035 |
|
|
|a (MiAaPQ)EBC660506
|
| 035 |
|
|
|a (Au-PeEL)EBL660506
|
| 035 |
|
|
|a (CaPaEBR)ebr10448173
|
| 035 |
|
|
|a (CaONFJC)MIL302111
|
| 035 |
|
|
|a (OCoLC)709718363
|
| 040 |
|
|
|a MiAaPQ
|c MiAaPQ
|d MiAaPQ
|
| 050 |
|
4 |
|a HG186.G7
|b H68 2011
|
| 100 |
1 |
|
|a Housby, Elaine.
|
| 245 |
1 |
0 |
|a Islamic financial services in the United Kingdom
|h [electronic resource] /
|c Elaine Housby.
|
| 260 |
|
|
|a Edinburgh :
|b Edinburgh University Press,
|c c2011.
|
| 300 |
|
|
|a ix, 203 p.
|
| 440 |
|
0 |
|a Edinburgh guides to Islamic finance
|
| 504 |
|
|
|a Includes bibliographical references and index.
|
| 533 |
|
|
|a Electronic reproduction. Ann Arbor, MI : ProQuest, 2015. Available via World Wide Web. Access may be limited to ProQuest affiliated libraries.
|
| 650 |
|
0 |
|a Financial services industry
|z Great Britain.
|
| 650 |
|
0 |
|a Finance (Islamic law)
|
| 650 |
|
0 |
|a Islamic law
|z Great Britain.
|
| 650 |
|
0 |
|a Conflict of laws
|z Great Britain.
|
| 655 |
|
4 |
|a Electronic books.
|
| 856 |
4 |
0 |
|u https://ebookcentral.proquest.com/lib/matrademy/detail.action?docID=660506
|z Click to View
|